Ausgewählte texte

-д хадгалсан:
Номзүйн дэлгэрэнгүй
Үндсэн зохиолчид: Roberspierre, Maximilien (Зохиогч), Unruh, Manfred (Зохиогч), Schmid, Carlo (Зохиогч)
Формат: Ном
Хэл сонгох:герман
Хэвлэсэн: Hamburgo Merlin 1971
Хэвлэл:1a. ed
Нөхцлүүд:
Шошгууд: Шошго нэмэх
Шошго байхгүй, Энэхүү баримтыг шошголох эхний хүн болох!

MARC

LEADER 00000cam a2200000 a 4500
001 UCD3779
003 CL-VaPUC
008 160616e19710000gw |||||||||||||||||ger|d
020 |a 3875360184 
082 0 4 |a 944.04  |b ROB  |2 21 
100 0 |a Roberspierre, Maximilien  |e author  |9 587363 
700 0 |a Unruh, Manfred  |e author  |9 587364 
700 0 |a Schmid, Carlo  |e author  |9 587365 
245 1 0 |a Ausgewählte texte 
250 |a 1a. ed 
300 |a 738 p 
942 |c BK 
945 |d 20160616 22:39:00  |a arojas 
260 |a Hamburgo  |b Merlin  |c 1971 
650 0 |a Revolución francesa  |9 324244 
650 0 |a Historia de Francia  |9 336927 
583 |a last modification  |c 20160616 22:39:00  |k Rodrigo Vera 
999 |c 364795  |d 364793 
952 |0 0  |1 0  |3 erb  |4 0  |6 944_040000000000000_ROB_1971  |7 0  |8 A  |9 478384  |a FDOHBE  |b FDOHBE  |e Huesbe Llanos, Marco Antonio, 1934-  |i 5331188  |o 944.04 ROB 1971  |p 5331188  |r 2024-01-30  |w 2019-11-24  |y BK  |z Catalogado en:20160616  |k HBE